| 000 | 01190cab a22002055a 4500 | ||
|---|---|---|---|
| 001 | L156509 | ||
| 008 | 120530e2012 xxk 000 0 eng d | ||
| 035 | _a(Sirsi) u156509 | ||
| 041 | 0 | _aeng | |
| 110 | 2 |
_aProperty Week _91549 |
|
| 245 | 0 | 0 | _aPositivity in store for self-storage sector |
| 260 | _c2012 | ||
| 490 | 0 |
_aProperty Week _v78 (21) 25 May 2012, 36(1) |
|
| 520 | _aThe self-storage sector continues to be resilient despite the challenging economic conditions. The Self Storage Association and Drivers Jonas Deloitte's 2012 annual survey shows some positive signs although the average rent fell slightly in 2011 to £12.06/sq ft. Average occupancy among mature facilities rose from 68% to 70% with business customers taking a higher share of occupied space (39%). Regionally London and the south still dominates in terms of share of floorspace. Currently there are 815 facilities in the UK and the 2011 UK turnover from 400 operators was £355m. | ||
| 590 | _aKA | ||
| 651 | 4 | _aUnited Kingdom | |
| 690 |
_aCommercial property _96227 |
||
| 856 | 4 | 0 |
_uhttps://www.djdeloitte.co.uk/uk.aspx?doc=44433 _zView the report after free registration at www.djdeloitte.co.uk |
| 942 | _n0 | ||
| 999 |
_c84045 _d84045 |
||